| 000 | 00576nam a2200169 a 4500 | ||
|---|---|---|---|
| 001 | 000028019 | ||
| 005 | 20200930031301.0 | ||
| 008 | 110406s1987 dr 000 0 spa d | ||
| 040 |
_aDO-SdBNP _bspa _cBNPHU |
||
| 100 | 1 |
_aDíaz, Claribel _937139 |
|
| 245 | 1 | 0 |
_aConsideraciones socio-psicodinamicas acerca de la delincuencia / _cClaribel Díaz. |
| 260 |
_aSanto Domingo : _bHermeneias del Psiconálista Editorial, _c1987. _fEditora Búho |
||
| 300 |
_a18 P. ; _c22 cm. |
||
| 490 | 1 |
_aEnsayos psicoanalíticos _v1 |
|
| 830 | 0 |
_aEnsayos psicoanalíticos _v1 _955062 |
|
| 049 | _aBNPD | ||
| 999 |
_c27511 _d27511 |
||